Southville International School and Colleges
Your cart is empty.
  • Cart
  • Lists
    Public lists Eva Luna New books Lux_list list_1
    Your lists Log in to create your own lists
  • Log in to your account
  • Your cookies
  • Search history
Southville International School and Colleges
  • Advanced search
  • Recent comments
  • Most popular
  • Libraries

Log in to your account

Log in with GOOGLE


If you do not have an external account, but do have a local account, you can still log in:

  1. Home
  2. MARC view: Have a little faith :
Normal view MARC view ISBD view

Have a little faith : (Record no. 282521)

[ view plain ]
MARC details
000 -LEADER
fixed length control field 01108cam a2200277 a 4500
001 - CONTROL NUMBER
control field 15764665
005 - DATE AND TIME OF LATEST TRANSACTION
control field 20150202154256.0
008 - FIXED-LENGTH DATA ELEMENTS--GENERAL INFORMATION
fixed length control field 090605s2009 nyua 000 0deng
010 ## - LIBRARY OF CONGRESS CONTROL NUMBER
LC control number 2009023230
020 ## - INTERNATIONAL STANDARD BOOK NUMBER
International Standard Book Number 9780786868728
040 ## - CATALOGING SOURCE
Original cataloging agency DLC
Transcribing agency DLC
Modifying agency DLC
050 00 - LIBRARY OF CONGRESS CALL NUMBER
Classification number BM 729.F3
Item number .Al496 2009
082 00 - DEWEY DECIMAL CLASSIFICATION NUMBER
Classification number 296.7
100 1# - MAIN ENTRY--PERSONAL NAME
Personal name Albom, Mitch,
Dates associated with a name 1958-
245 10 - TITLE STATEMENT
Title Have a little faith :
Remainder of title a true story /
Statement of responsibility, etc Mitch Albom.
260 ## - PUBLICATION, DISTRIBUTION, ETC. (IMPRINT)
Place of publication, distribution, etc New York :
Name of publisher, distributor, etc Hyperion,
Date of publication, distribution, etc 2009.
300 ## - PHYSICAL DESCRIPTION
Extent viii, 254 pages :
Other physical details illustrations ;
Dimensions 20 cm.
600 10 - SUBJECT ADDED ENTRY--PERSONAL NAME
Personal name Albom, Mitch,
Dates associated with a name 1958-
General subdivision Religion.
600 10 - SUBJECT ADDED ENTRY--PERSONAL NAME
Personal name Lewis, Albert L.
600 10 - SUBJECT ADDED ENTRY--PERSONAL NAME
Personal name Covington, Henry P.
650 #0 - SUBJECT ADDED ENTRY--TOPICAL TERM
Topical term or geographic name as entry element Faith (Judaism)
650 #0 - SUBJECT ADDED ENTRY--TOPICAL TERM
Topical term or geographic name as entry element Faith.
906 ## - LOCAL DATA ELEMENT F, LDF (RLIN)
a 7
b cbc
c orignew
d 1
e ecip
f 20
g y-gencatlg
942 ## - ADDED ENTRY ELEMENTS (KOHA)
Source of classification or shelving scheme Library of Congress Classification
Koha item type Books
Holdings
Withdrawn status Lost status Source of classification or shelving scheme Damaged status Home library Current library Shelving location Date acquired Source of acquisition Sub Shelving location Total Checkouts Total Renewals Full call number Barcode Date last seen Date checked out Price effective from Koha item type
    Library of Congress Classification   Southville International School Affiliated with Foreign Universities Library Southville International School Affiliated with Foreign Universities Library Southville Foreign University Section 02/02/2015 Library Fund   5 32 BM 729.F3 .Al496 2009 SFU1753 03/21/2019 03/16/2019 02/02/2015 Books

Have a little faith :

APA

Albom M., . (2009). Have a little faith. New York: Hyperion.

Chicago

Albom Mitch, . 2009. Have a little faith. New York: Hyperion.

Harvard

Albom M., . (2009). Have a little faith. New York: Hyperion.

MLA

Albom Mitch, . Have a little faith. New York: Hyperion. 2009.

  • Place hold
  • Print
  • Cite
  • Add to your cart (remove)
  • Save record
    BIBTEX Dublin Core MARCXML MARC (non-Unicode/MARC-8) MARC (Unicode/UTF-8) MARC (Unicode/UTF-8, Standard) MODS (XML) RIS
  • More searches
    Search for this title in:
    Other Libraries (WorldCat) Other Databases (Google Scholar) Online Stores (Bookfinder.com) Open Library (openlibrary.org)

Exporting to Dublin Core...

SOUTHVILLE LIBRARY

Southville International School and Colleges Library

1281 Tropical Ave. Cor. Luxembourg St., BF Homes International, Las Pinas City

Tel. No. 8256374 / 252358 Loc. 117/146

Powered by Koha